000 00849nam a22002417a 4500
005 20170123162342.0
010 _aA-026151
020 _c20.00
035 _aA-026151
037 _bCen Lib/Ret
040 _aDPL
_bUR
082 _a921
_bم ح م
245 _aمولانا موحمد علی :
_cمرتب عبدل لطیف اعظمی
_bایک مطالع /
246 _aMaulana Mohammad Ali : ek muatala /
_bedited by Abdul Lateef Aazmi
260 _aنیی دہلی
_bعلمی ادارہ
_c1980
270 _bنیی دہلی
_a٣٤٩ ذاکر نگر، جمی نگر
_e110025
300 _a186p.
_c23cm(Hb)
650 _aادب -- اردو
_9127640
650 _aاردو سوانے عمری
_9127641
650 _aUrdu literature
_9127642
650 _aUrdu -- biography
_9511
942 _2ddc
_cUR
_h921
_mم ح م
999 _c108569
_d108569